ნორმალური ფორმატი
MARC ფორმატი
ჩანაწერი Personal Name
ჩანაწერთა რაოდენობა, რომელიც გამოყენებულია: 1
001 - CONTROL NUMBER
- control field: 12805
003 - CONTROL NUMBER IDENTIFIER
- control field: GE_BSU
005 - DATE AND TIME OF LATEST TRANSACTION
- control field: 20211103162555.0
008 - FIXED-LENGTH DATA ELEMENTS
- fixed length control field: 211103|| aca||aabn | a|a d
040 ## - CATALOGING SOURCE
- Original cataloging agency: GE_BSU
- Transcribing agency: GE_BSU
100 ## - HEADING--PERSONAL NAME
- Personal name: ლუისი, მაიკლ
670 ## - SOURCE DATA FOUND
- Source citation: Work cat.: (GE_BSU)54320: ლუისი, მაიკლ, ბუმერანგი : მოგზაურობა ახალ მესამე სამყაროში = Boomerang : travel in the third world /
